| 000 | 004630000a22001930004500 | ||
|---|---|---|---|
| 003 | LK-CoMWRAF | ||
| 005 | 20231013131158.0 | ||
| 008 | 230817t ||||| |||| 00| 0 eng d | ||
| 020 | _a8171510310 | ||
| 040 |
_aLK-CoMWRAF _dLK-CoMWRAF _eLK-CoMWRAF |
||
| 041 | _aeng | ||
| 082 |
_a297 _bALI |
||
| 100 | _aAli, Abdullah Yusuf | ||
| 245 | _aThe Message of Islam | ||
| 260 |
_bKitab Bhavan _aNew Delhi _c1994 |
||
| 300 | _ap.127 | ||
| 650 | _aIslam | ||
| 942 | _cBK | ||
| 999 |
_c1073 _d1073 |
||